000 00454nam a2200181 a 4500
001 1770904870541
003 YourLibrary
005 20260213123714.0
008 260212s2004##################000#0#eng##
020 _a9780333669181
082 0 4 _a305.563
_bREA
100 1 _aReay, Barry,
_eauthor.
245 1 0 _aRural Englands :
260 _bRed Globe Press,
_c2004.
650 0 _aHistory.
942 _cENGLISH
040 _aYourLibrary
_beng
_cYourLibrary
999 _c612320
_d612320